000 00445nam a22001697a 4500
003 OSt
005 20260416054741.0
008 260416b |||||||| |||| 00| 0 eng d
020 _a978-1-4165-9700-1
040 _aDWCL-Main Lib
_cOC
082 _aFic. P599 2009
100 _aPicoult, Jodi
245 _aHandle with care /
260 _aNew York :
_bAtria International,
_cc2009.
300 _a648 p. ;
_c17 cm.
942 _2ddc
_cFIC.
_mFic.
_n0
999 _c9500
_d9500